Geo-engineering (Record no. 109993)
[ view plain ]
| 000 -LEADER | |
|---|---|
| fixed length control field | 01740cad a22002535a 4500 |
| 001 - CONTROL NUMBER | |
| control field | L148289 |
| 008 - FIXED-LENGTH DATA ELEMENTS--GENERAL INFORMATION | |
| fixed length control field | 090901s2009 xxkado f 000 0 eng d |
| 035 ## - SYSTEM CONTROL NUMBER | |
| System control number | (Sirsi) u148289 |
| 041 0# - LANGUAGE CODE | |
| Language code of text/sound track or separate title | eng |
| 050 04 - LIBRARY OF CONGRESS CALL NUMBER | |
| Classification number | 624.151 $2 18 |
| 110 2# - MAIN ENTRY--CORPORATE NAME | |
| Corporate name or jurisdiction name as entry element | Institution of Mechanical Engineers |
| 9 (RLIN) | 549 |
| 245 00 - TITLE STATEMENT | |
| Title | Geo-engineering |
| Remainder of title | giving us the time to act? |
| Medium | [electronic resource] |
| 260 ## - PUBLICATION, DISTRIBUTION, ETC. | |
| Place of publication, distribution, etc. | London |
| Name of publisher, distributor, etc. | IMechE |
| Date of publication, distribution, etc. | 2009 |
| 505 2# - FORMATTED CONTENTS NOTE | |
| Formatted contents note | Executive summary -- Cooling the planet -- Case study one: air capture - artificial trees -- Case study two: air capture - algae on buildings -- Case study three: solar radiation management - reflective buildings -- Geo-engineering: practical issues and roadmap to cooling the planet |
| 520 ## - SUMMARY, ETC. | |
| Summary, etc. | Advocates the use of geo-engineering to adapt to climate change. Geo-engineering uses technology to remove CO2 from the atmosphere or to cool the planet by reflecting solar radiation back into space. Suggests the use of artificial trees, algae-coated buildings and reflective buildings. Recommends to the Government and stakeholders: to support geo-engineering research; to use the resources already available; to pilot promising schemes; to adopt a realistic roadmap for decarbonisation of the global economy by integrating geo-engineering; and to increase the commercial opportunities for UK public limited companies. |
| 521 ## - TARGET AUDIENCE NOTE | |
| Target audience note | Advanced |
| 590 ## - LOCAL NOTE (RLIN) | |
| Local note | KA NTK |
| 651 #4 - SUBJECT ADDED ENTRY--GEOGRAPHIC NAME | |
| Geographic name | United Kingdom |
| Chronological subdivision | |
| 690 ## - LOCAL SUBJECT ADDED ENTRY--TOPICAL TERM (OCLC, RLIN) | |
| Topical term or geographic name as entry element | ENVIRONMENTAL AND LAND CONSULTANCY-ENVIRONMENTAL MANAGEMENT |
| 690 ## - LOCAL SUBJECT ADDED ENTRY--TOPICAL TERM (OCLC, RLIN) | |
| Topical term or geographic name as entry element | BUILT ENVIRONMENT-ENGINEERING-MECHANICAL ENGINEERING |
| 700 1# - ADDED ENTRY--PERSONAL NAME | |
| Personal name | Fox, Tim |
| Titles and other words associated with a name | Dr |
| 856 40 - ELECTRONIC LOCATION AND ACCESS | |
| Uniform Resource Identifier | <a href="https://www.imeche.org/about/keythemes/environment/Climate+Change/Geoeng">https://www.imeche.org/about/keythemes/environment/Climate+Change/Geoeng</a> |
| Public note | View the report free of charge at www.imeche.org... |
| 942 ## - ADDED ENTRY ELEMENTS (KOHA) | |
| Suppress in OPAC | 0 |
| Withdrawn status | Lost status | Source of classification or shelving scheme | Damaged status | Not for loan | Home library | Current library | Shelving location | Date acquired | Total Checkouts | Full call number | Barcode | Date last seen | Copy number | Price effective from | Koha item type |
|---|---|---|---|---|---|---|---|---|---|---|---|---|---|---|---|
| Dewey Decimal Classification | Virtual | Virtual | Online | 01/09/2009 | ONLINE PUBLICATION | 148289-1001 | 06/08/2019 | 1 | 06/08/2019 | Book |